Tinh hoa lý luận văn học cổ điển Trung Quốc /

Đã lưu trong:
Bibliografiske detaljer
Hovedforfatter: Phương Lựu
Format: Sách giấy
Sprog:Vietnamese
Udgivet: H. : Giáo dục, 1989
Tags: Tilføj Tag
Ingen Tags, Vær først til at tagge denne postø!
Thư viện lưu trữ: Thư viện Trường Đại học Đà Lạt
LEADER 00668nam a2200277 4500
001 DLU020020322
003 ##DLU
005 ##20021219
008 ##021219t vn z000 vie d
040 # # |a DLU  |b vie 
041 # # |a vie 
044 # # |a vn 
082 # # |a 801.951  |b PH-L 
100 # # |a Phương Lựu 
245 # # |a Tinh hoa lý luận văn học cổ điển Trung Quốc /  |c Phương Lựu 
260 # # |a H. :  |b Giáo dục,  |c 1989 
300 # # |a 206 tr. ;  |c 20 cm. 
992 # # |a 17200 
994 # # |a DLU 
900 # # |a True 
911 # # |a Phan Ngọc Đông 
925 # # |a G 
926 # # |a A 
927 # # |a SH 
980 # # |a Thư viện Trường Đại học Đà Lạt